000 00498nam a2200157Ia 4500
008 240126s9999 xx 000 0 und d
022 _a0975-2099
041 _aEnglish
082 _aLIBRARY-XVI
245 0 _aInternational Journal of Information Technology and Management Research (2012 -
260 _bSerials Publications
_aNew Delhi
440 _aNULL
650 _aInformation Science, Management
650 _aInformation,Management,(2012,-,Information Science,Management
942 _cJN
999 _c275686
_d275686